Biblioteca y Centro de Documentación

An empirical model of tax convexity and self-employment (Registro nro. 45581)

Detalles MARC
000 -CABECERA
Longitud fija campo de control 00978naa a2200253 4500
001 - NÚMERO DE CONTROL
Número de control 45581
003 - IDENTIFICADOR DE NÚMERO DE CONTROL
Identificador del número de control ES-MaCES
005 - FECHA Y HORA DE LA ÚLTIMA TRANSACCIÓN
Fecha y hora de la última transacción 20150925142056.0
008 - CAMPO FIJO DE DESCRIPCIÓN FIJA--INFORMACIÓN GENERAL
Códigos de información de longitud fija   000000s2014 xxu||||| t||||||| ||eng d
040 ## - FUENTE DE CATALOGACIÓN
Centro catalogador de origen ES-MaCES
Lengua de catalogación spa
Centro transcriptor ES-MaCES
100 1# - ENCABEZAMIENTO PRINCIPAL--NOMBRE PERSONAL
9 (RLIN) 35477
Nombre de persona Wen, Jean-François
245 10 - MENCIÓN DE TÍTULO
Título An empirical model of tax convexity and self-employment
Mención de responsabilidad, etc. Jean-François Wen and Daniel V. Gordon
500 ## - NOTA GENERAL
Nota general Resumen
504 ## - NOTA DE BIBLIOGRAFÍA, ETC.
Nota de bibliografía, etc. Bibliografía: p. 482
650 #4 - ASIENTO SECUNDARIO DE MATERIA--TÉRMINO DE MATERIA
9 (RLIN) 30170
Término de materia o nombre geográfico como elemento inicial trabajo a cuenta propia
650 #4 - ASIENTO SECUNDARIO DE MATERIA--TÉRMINO DE MATERIA
9 (RLIN) 28084
Término de materia o nombre geográfico como elemento inicial impuesto sobre la renta de personas físicas
650 #4 - ASIENTO SECUNDARIO DE MATERIA--TÉRMINO DE MATERIA
9 (RLIN) 29432
Término de materia o nombre geográfico como elemento inicial modelo matemático
653 10 - TÉRMINO DE INDEXACIÓN--NO CONTROLADO
Término no controlado Fiscalidad
650 #4 - ASIENTO SECUNDARIO DE MATERIA--TÉRMINO DE MATERIA
9 (RLIN) 28086
Término de materia o nombre geográfico como elemento inicial impuesto
700 1# - ENCABEZAMIENTO SECUNDARIO--NOMBRE PERSONAL
9 (RLIN) 35479
Nombre de persona Gordon, Daniel V.
773 0# - ENTRADA DE DOCUMENTO FUENTE
Itemnumber del ítem fuente 81957
Lugar, editor y fecha de publicación Amsterdam (P.O. Box 1991, 1000 BZ) Elsevier Science
Otro identificador del documento 084862
Título The review of Economics and Statistics
Número de control del registro relacionado (ES-MaCES)25211
Parte(s) relacionada(s) vol. 96, no. 3 (July 2014) {10195 R. 084862} ;p. 471-482
902 ## - CES. TIPO DE DOCUMENTO
Tipodoc (006$c Sirtex) ART Artículo de revista
942 ## - ELEMENTOS KOHA
Fuente de clasificaión o esquema Clasificación propia del CES
Koha [por defecto] tipo de item Artículos (1982-2017)
Parte de clasificación Fiscalidad

No hay ítems disponibles.

© CES, Consejo Económico y Social de España 2021